Statistics for Toronto Maple Leafs

Click here to take the quiz!

General Stats

  • This quiz has been taken 68 times
  • The average score is 7 of 15

Answer Stats

Hint Answer % Correct
81Phil Kessel
88%
13Mats Sundin
73%
43Nazem Kadri
71%
93Doug Gilmour
68%
3Dion Phaneuf
66%
19Joffrey Lupul
63%
17Wendel Clark
59%
21James Van Riemsdyk
58%
27Darryl Sittler
44%
21Borje Salming
37%
7Tim Horton
29%
4Dave Keon
25%
10George Armstrong
25%
4Red Kelly
15%
21Bill Barilko
0%

Score Distribution

Percentile by Number Answered

Percent of People with Each Score

Your Score History

You have not taken this quiz